|
|
|
|
| LEADER |
01030nam a2200217 a 4500 |
| 001 |
00022246 |
| 008 |
110328s2010 bg b 000 0 ben |
| 020 |
|
|
|a 9847015700126
|
| 040 |
|
|
|a BD-DhAAL
|c BD-DhAAL
|
| 082 |
0 |
0 |
|a 808.8
|2 22
|
| 100 |
1 |
|
|a গ্যালিকো, পল
|
| 245 |
1 |
0 |
|a ফ্রিথা ও পাখিরা /
|c পল গ্যালিকো, ভাষান্তর সালেহা চৌধুরী
|
| 260 |
|
|
|a ঢাকা :
|b উওরণ,
|c ২০১০
|
| 300 |
|
|
|a ৫৬ পৃ. ;
|c ২২ সে.মি.
|
| 500 |
|
|
|a Includes bibliographical references ( 55-56p.)
|
| 541 |
|
|
|e 00022246
|
| 650 |
|
0 |
|a Short stories
|
| 700 |
1 |
|
|a চৌধুরী, সালেহা
|
| 852 |
4 |
|
|a Ayesha Abed Library
|j General shelf
|
| 999 |
|
|
|c 10597
|d 10597
|
| 952 |
|
|
|0 0
|1 0
|2 ddc
|4 1
|6 808_800000000000000_GAL
|7 0
|9 15894
|a ENH
|b ENH
|d 2011-03-28
|l 1
|o 808.8 GAL
|p 3010022246
|r 2014-05-14
|s 2013-02-25
|t 1
|w 2011-03-28
|y BK
|x Departmental-issued damaged books were found in the ENH department for the reason of termites eaten in 2016
|